[Event "Amantea op 12th"]
[Site "Amantea"]
[Date "2014.09.07"]
[Round "1"]
[White "Sveshnikov, Evgeny"]
[Black "Minerba, Paolo"]
[Result "1-0"]
[WhiteElo "2502"]
[BlackElo "2028"]
[PlyCount "107"]
[EventDate "2014.09.07"]
[EventType "swiss"]
[EventRounds "9"]
[EventCountry "ITA"]
[SourceTitle "CBM 162 Extra"]
[Source "ChessBase"]
[SourceDate "2014.10.17"]
[SourceVersion "1"]
[SourceVersionDate "2014.10.17"]
[SourceQuality "1"]

1. e4 c5 2. f4 d5 3. exd5 Qxd5 4. Nc3 Qd8 5. Nf3 Nc6 6. Bb5 Bd7 7. Qe2 Nf6 8. Ne5 Nd4 9. Bc4 e6 10. Qd3 Bd6 11. Nb5 Nxb5 12. Nxd7 Nxd7 13. Bxb5 Qc7 14. Bxd7+ Qxd7 15. 0-0 Be7 16. Qxd7+ Kxd7 17. d3 Bf6 18. Be3 Bd4 19. Rae1 Bxe3+ 20. Rxe3 g6 21. g4 Rae8 22. d4 cxd4 23. Rd1 Ke7 24. Rxd4 Rd8 25. Rc4 h5 26. g5 Rd1+ 27. Kf2 Rhd8 28. Rc7+ R8d7 29. Rxd7+ Rxd7 30. Ke2 Rd4 31. Rb3 b6 32. Ra3 Rd7 33. c4 Rc7 34. Kd3 Kd6 35. Kd4 a5 36. Rb3 Kc6 37. Ke5 Kc5 38. Kf6 Rd7 39. Rb5+ Kc6 40. b3 Rc7 41. Kg7 Rd7 42. Kf8 Rc7 43. Ke8 Ra7 44. a4 Rc7 45. c5 bxc5 46. Rxa5 Kd6 47. h4 c4 48. bxc4 Rxc4 49. Kxf7 Rxf4+ 50. Kxg6 Rxh4 51. Kh7 Rg4 52. g6 h4 53. g7 h3 54. Rh5 1-0

[Event "Salento op 2nd"]
[Site "Gallipoli"]
[Date "2013.05.27"]
[Round "3"]
[White "Minerba, Paolo"]
[Black "Rothebarth, Ana Vitoria de Paul"]
[Result "0-1"]
[WhiteElo "1874"]
[BlackElo "2006"]
[PlyCount "92"]
[EventDate "2013.05.25"]
[EventType "swiss"]
[EventRounds "9"]
[EventCountry "ITA"]
[SourceTitle "EXT 2014"]
[Source "ChessBase"]
[SourceDate "2013.11.20"]
[SourceVersion "1"]
[SourceVersionDate "2013.11.20"]
[SourceQuality "1"]

1. e4 e5 2. Nf3 Nc6 3. Bc4 Bc5 4. c3 Nf6 5. d4 exd4 6. e5 d5 7. Bb5 Ne4 8. cxd4 Bb4+ 9. Bd2 Bxd2+ 10. Nbxd2 Bd7 11. 0-0 0-0 12. Re1 Nxd2 13. Qxd2 Nxe5 14. Nxe5 Bxb5 15. Qb4 c6 16. a4 Ba6 17. Qc3 f6 18. Nf3 Qd7 19. Re3 Rfe8 20. Rae1 Kf7 21. Nd2 Rxe3 22. Qxe3 Re8 23. Qxe8+ Qxe8 24. Rxe8 Kxe8 25. f3 Kd7 26. Kf2 b6 27. Ke3 Kd6 28. Nb1 Bc4 29. Nd2 a5 30. b3 Ba6 31. Nb1 c5 32. Nc3 Kc6 33. g3 b5 34. axb5+ Bxb5 35. dxc5 Kxc5 36. Na2 d4+ 37. Kd2 Bc6 38. f4 Bb5 39. g4 Kd5 40. Nc1 Ke4 41. f5 Kf4 42. h3 Kg3 43. Nd3 Bxd3 44. Kxd3 Kxh3 45. Kxd4 Kxg4 46. Kc5 h5 0-1

[Event "Salento op 1st"]
[Site "Gallipoli"]
[Date "2012.05.24"]
[Round "7"]
[White "Arnetta, Maria Teresa"]
[Black "Minerba, Paolo"]
[Result "0-1"]
[WhiteElo "2020"]
[BlackElo "1808"]
[PlyCount "114"]
[EventDate "2012.05.19"]
[EventType "swiss"]
[EventRounds "9"]
[EventCountry "ITA"]
[SourceTitle "CBM 148 Extra"]
[Source "ChessBase"]
[SourceDate "2012.06.22"]
[SourceVersion "1"]
[SourceVersionDate "2012.06.22"]
[SourceQuality "1"]

1. e4 c5 2. b3 d6 3. Bb5+ Nd7 4. Bb2 e6 5. f4 a6 6. Bxd7+ Bxd7 7. Nf3 Nf6 8. d3 Be7 9. Nbd2 Bc6 10. 0-0 0-0 11. Qe2 b5 12. c4 Qc7 13. Rad1 a5 14. e5 Nd7 15. Ne4 d5 16. cxd5 Bxd5 17. Ng3 f5 18. exf6 Bxf6 19. Ne5 Bxe5 20. fxe5 a4 21. bxa4 Rxa4 22. Rxf8+ Nxf8 23. a3 Ng6 24. d4 c4 25. Ne4 Nf4 26. Qc2 Bxe4 27. Qxe4 Nd5 28. Qg4 Ra6 29. Bc1 c3 30. Rf1 c2 31. Qe2 Qc4 32. Qf2 h6 33. Bxh6 Ra7 34. Bc1 Qc8 35. Qe2 b4 36. axb4 Nxb4 37. Qd2 Na2 38. d5 Qc5+ 39. Kh1 exd5 40. e6 Nxc1 41. Rxc1 Rb7 42. Qf4 Qf8 43. e7 Qxe7 44. Qd4 Qe4 45. Qc5 Re7 46. Rf1 Qc4 47. Qf2 Qxf1+ 48. Qxf1 Rc7 49. Qc1 d4 50. h4 d3 51. Kh2 d2 52. Qxd2 c1Q 53. Qd8+ Kh7 54. Qd3+ g6 55. h5 Qf4+ 56. g3 Qf2+ 57. Kh3 Qf5+ 0-1

[Event "Salento op 1st"]
[Site "Gallipoli"]
[Date "2012.05.21"]
[Round "4"]
[White "Sprotte, Norbert"]
[Black "Minerba, Paolo"]
[Result "1/2-1/2"]
[WhiteElo "2180"]
[BlackElo "1808"]
[PlyCount "72"]
[EventDate "2012.05.19"]
[EventType "swiss"]
[EventRounds "9"]
[EventCountry "ITA"]
[SourceTitle "CBM 148 Extra"]
[Source "ChessBase"]
[SourceDate "2012.06.22"]
[SourceVersion "1"]
[SourceVersionDate "2012.06.22"]
[SourceQuality "1"]

1. d4 d5 2. Nf3 Nf6 3. e3 e6 4. Bd3 c5 5. b3 Nc6 6. 0-0 cxd4 7. exd4 Bd7 8. Bb2 Bd6 9. Nbd2 0-0 10. a3 Re8 11. Ne5 Qb6 12. Ndf3 Qc7 13. Re1 Ne7 14. Qe2 Ng6 15. Nxg6 hxg6 16. Ne5 Rac8 17. Rac1 Bc6 18. g3 Bxe5 19. Qxe5 Qxe5 20. dxe5 Nd7 21. Bd4 b6 22. b4 Rc7 23. c3 Ba4 24. Rb1 b5 25. f4 Nb6 26. Kf2 Nc4 27. Re2 Nxa3 28. Ra1 Nc4 29. Bxc4 Rxc4 30. Ke3 Ra8 31. Rb2 Kf8 32. g4 Ke7 33. h4 Rh8 34. Rh2 Rcc8 35. Kd3 a6 36. g5 Rh5 1/2-1/2